000 01988nam a2200241 a 4500
003 KPN
005 20260429095619.0
008 20260429b 00| 0 my d
020 _a9789671040454
_cRM16.00
_qpaperback
040 _cKPN
082 0 4 _aBM FK AIN 2011
_223
090 0 0 _aBM FK AIN 2011
_bAIN
100 0 _aAin Maisarah,
_d1982-
245 1 0 _aAku mahu lawan hantu /
_cAin Maisarah, Hanna Johan
260 _aBatu Caves, Selangor :
_bBlink Book,
_c2011
300 _a211 pages, 13 unnumbered pages;
_billustrations;
_c20cm.
490 1 _aAku mahu
521 _aKelepasan daripada belajar di sekolah selama seminggu memang suatu berita yang menyeronokkan! Namun, The Wannababes menerima berita ini dengan rasa was-was dan sangsi. Selama seminggu itu mereka terpaksa menghadiri kem pasukan sorak di Universiti Selatan Malaysia. Sebuah universiti yang letaknya di ceruk hutan. Mereka akur dengan mengikuti kem itu kerana tidak mahu dilucutkan jawatan. Pelbagai perkara aneh berlaku sejak awal perjalanan dimulakan. Kisah gelanggang misteri. Segalanya terlerai seketika kerana The Wannababes gembira diberikan sebuah rumah tamu yang besar seperti banglo sebagai tempat tinggal selama seminggu itu. Kegembiraan itu tiba-tiba dirampas apabila datangnya sebuah tim debat dari Sekolah Menengah Kebangsaan Agama Siput Sedut yang akan berkongsi rumah dengan mereka. Pelbagai aksi buli-membuli dilakukan The Wannababes kerana mahu menyerlahkan kekuasaan mereka. Tim debat cuba bersabar. Suatu hari The Wannababes beria-ia mahu berbaik dengan tim debat kerana tidak tahan diganggu semula perkara-perkara aneh dan menyeramkan. Kesempatan diambil daripada tim debat kerana mereka arif tentang menghalau makhluk halus. The Wannababes diminta mengamalkan perkara-perkara yang tertulis dalam senarai yang disediakan oleh pasukan debat untuk mengelakkan gangguan makhluk halus yang sering mengganggu.
650 1 0 _aMalay fiction
700 0 _aHanna Johan,
_d1987-
830 0 _aAku mahu
942 _2ddc
_c1
_n0
999 _c1840
_d1840